Statistics for UEFA Euro Teams Quiz

Click here to take the quiz!

General Stats

  • This quiz has been taken 25 times
  • The average score is 51 of 55

Answer Stats

Team% Correct
Croatia
100%
Denmark
100%
England
100%
Estonia
100%
Germany
100%
Kosovo
100%
Latvia
100%
Lithuania
100%
Netherlands
100%
Norway
100%
Portugal
100%
Republic of Ireland
100%
Russia
100%
Scotland
100%
Slovakia
100%
Slovenia
100%
Spain
100%
Sweden
100%
Ukraine
100%
Albania
96%
Andorra
96%
Austria
96%
Belarus
96%
Belgium
96%
Bulgaria
96%
Finland
96%
France
96%
Greece
96%
Italy
96%
Liechtenstein
96%
Luxembourg
96%
Malta
96%
Moldova
96%
Romania
96%
San Marino
96%
Armenia
91%
Bosnia and Herzegovina
91%
Cyprus
91%
Czech Republic
91%
Hungary
91%
Iceland
91%
Montenegro
91%
Poland
91%
Serbia
91%
Wales
91%
Faroe Islands
87%
North Macedonia
87%
Georgia
83%
Switzerland
83%
Gibraltar
78%
Northern Ireland
78%
Turkey
78%
Kazakhstan
70%
Azerbaijan
65%
Israel
65%

Score Distribution

Percentile by Number Answered

Percent of People with Each Score

Your Score History

You have not taken this quiz